Southville International School and Colleges
Your cart is empty.
  • Cart
  • Lists
    Public lists Eva Luna New books Lux_list list_1
    Your lists Log in to create your own lists
  • Log in to your account
  • Your cookies
  • Search history
Southville International School and Colleges
  • Advanced search
  • Recent comments
  • Most popular
  • Libraries

Log in to your account

Log in with GOOGLE


If you do not have an external account, but do have a local account, you can still log in:

  1. Home
  2. MARC view: Kant's practical philosophy :
Normal view MARC view ISBD view

Kant's practical philosophy : (Record no. 356546)

[ view plain ]
MARC details
000 -LEADER
fixed length control field 00680nam a2200241Ia 4500
008 - FIXED-LENGTH DATA ELEMENTS--GENERAL INFORMATION
fixed length control field 180523s9999 xx 000 0 und d
020 ## - INTERNATIONAL STANDARD BOOK NUMBER
International Standard Book Number 1-4039-8987-7
050 ## - LIBRARY OF CONGRESS CALL NUMBER
Classification number MAIN B 2799.E8
050 ## - LIBRARY OF CONGRESS CALL NUMBER
Item number .B36 2006
100 ## - MAIN ENTRY--PERSONAL NAME
Personal name Banham, Gary.
245 #0 - TITLE STATEMENT
Title Kant's practical philosophy :
245 #0 - TITLE STATEMENT
Remainder of title from critique to doctrine /
245 #0 - TITLE STATEMENT
Statement of responsibility, etc Gary Banham.
260 ## - PUBLICATION, DISTRIBUTION, ETC. (IMPRINT)
Place of publication, distribution, etc New York :
260 ## - PUBLICATION, DISTRIBUTION, ETC. (IMPRINT)
Name of publisher, distributor, etc Palgrave Macmillan,
260 ## - PUBLICATION, DISTRIBUTION, ETC. (IMPRINT)
Date of publication, distribution, etc 2006
300 ## - PHYSICAL DESCRIPTION
Extent 270 pages :
300 ## - PHYSICAL DESCRIPTION
Other physical details illustrations ;
300 ## - PHYSICAL DESCRIPTION
Dimensions 22 cm.
500 ## - GENERAL NOTE
General note Includes bibiliographical references and index.
650 ## - SUBJECT ADDED ENTRY--TOPICAL TERM
Topical term or geographic name as entry element Kant, Emmanuel -- 1724-1804 -- Ethics.
650 ## - SUBJECT ADDED ENTRY--TOPICAL TERM
General subdivision Ethics, Modern -- 18th century.
Holdings
Withdrawn status Lost status Damaged status Home library Current library Shelving location Date acquired Cost, normal purchase price Total Checkouts Full call number Barcode Date last seen Price effective from Koha item type
      South Mansfield College South Mansfield College   09/19/2006 2.00   MAIN B 2799.E8 .B36 2006 SMC03355 05/23/2018 05/23/2018  

Kant's practical philosophy :

APA

Banham G., .Kant's practical philosophy. New York: .

Chicago

Banham Gary, .Kant's practical philosophy. New York: .

Harvard

Banham G., .Kant's practical philosophy. New York: .

MLA

Banham Gary, .New York: . .

  • Place hold
  • Print
  • Cite
  • Add to your cart (remove)
  • Save record
    BIBTEX Dublin Core MARCXML MARC (non-Unicode/MARC-8) MARC (Unicode/UTF-8) MARC (Unicode/UTF-8, Standard) MODS (XML) RIS
  • More searches
    Search for this title in:
    Other Libraries (WorldCat) Other Databases (Google Scholar) Online Stores (Bookfinder.com) Open Library (openlibrary.org)

Exporting to Dublin Core...

SOUTHVILLE LIBRARY

Southville International School and Colleges Library

1281 Tropical Ave. Cor. Luxembourg St., BF Homes International, Las Pinas City

Tel. No. 8256374 / 252358 Loc. 117/146

Powered by Koha